| 000 | 00610nam a2200193 4500 | ||
|---|---|---|---|
| 001 | 119942 | ||
| 003 | ES-MaACL | ||
| 005 | 20230906191429.0 | ||
| 007 | t| | ||
| 008 | 070214s1977 sp r ||||1| spa d | ||
| 100 | 1 |
_aPérez Royo, Javier. _991125 |
|
| 245 | 1 | 4 |
_aLos problemas básicos de la teoría del estado / _cJavier Pérez Royo. |
| 260 |
_aSevilla : _bUniversidad, _c1977. |
||
| 300 |
_a99 p. ; _c20 cm. |
||
| 490 | 1 |
_aCuadernos del instituto García Oviedo ; _v2 |
|
| 830 | 0 |
_aCuadernos del instituto García Oviedo ; _v2 _9218640 |
|
| 852 |
_aES-MaACL _jA-7795 _bR.96582 |
||
| 999 |
_c119942 _d119942 |
||